000 00257pam a2200121 a 4500
020 _c
041 _aeng
100 _aJohnasan.M.C.
245 _aNew Biology
_hTextual Documents
260 _aNew York
_bPenguin Books Ltd
300 _a125p.
930 _a15255
999 _c92155
_d92155